|
|
|
|
| LEADER |
00000nam a22000007a 4500 |
| 005 |
20130405112846.0 |
| 007 |
cr|||| |||| |
| 008 |
130405e2012 fr |||||s|||| 00||0 fre d |
| 020 |
|
|
|a 9783838188553
|
| 035 |
|
|
|a 10341
|
| 040 |
|
|
|a vLex
|
| 090 |
|
|
|c 4133
|d 4133
|
| 100 |
1 |
0 |
|a Crosnier, Sb̌astien
|
| 245 |
1 |
3 |
|a Le Droit ̉la vie privě ̉l'p̌reuve de l'Internet
|b Le cadre de la protection : (Tome I.)
|c / Sb̌astien Crosnier
|h [Recurso electrn̤ico]
|
| 256 |
|
|
|a Servicio en ln̕ea
|
| 260 |
|
|
|a Paris :
|b Presses Acadm̌iques Francophones,
|c 2012
|
| 300 |
|
|
|a 1 Recurso electrn̤ico
|
| 506 |
|
|
|a Contenido solo disponible en los productos indicados
|d vLex Global
|d vLex Global (Academic Edition, excluding Law Schools)
|d vLex Global (U.S. Academic Edition, Law Schools)
|d vLex Global (U.S. Academic Edition, excluding Law Schools)
|d vLex Global (Academic Edition, Law Schools)
|
| 650 |
0 |
4 |
|a Derecho de las nuevas tecnologa̕s
|
| 650 |
0 |
4 |
|a Derechos en la red
|
| 740 |
|
|
|a vLex Libros (Servicio en ln̕ea)
|
| 856 |
|
|
|a Acceso restringido
|u http://www.vlex.com/source/10341
|
| 942 |
|
|
|c BOOK
|